Comayagua International Airport Destinations (Comayagua, Honduras) - Statistics

General Stats
  • This quiz has been taken 32 times
    13 since last reset
  • The average score is 9 of 11
Answer Stats
Airline Destination % Correct
Aeroméxico Connect Mexico City
100%
American Airlines Miami
100%
Avianca El Salvador San Salvador
100%
American Airlines Dallas/Fort Worth
91%
Copa Airlines Panama City (Tocumen)
91%
United Airlines Houston (Intercontinental)
82%
Iberojet Madrid
82%
Volaris Costa Rica San José (CR)
82%
Iberojet Barcelona
73%
Spirit Airlines Fort Lauderdale
64%
Spirit Airlines New Orleans
27%
No matching quizzes found
Score Distribution
Percent of People with Each Score
Percentile by Number Answered
Your Score History
You have not taken this quiz since the last reset